| 000 | 01922nam0a2200385 i 4500 | ||
|---|---|---|---|
| 001 | RU\NLR\BIBL_A\010017952 | ||
| 005 | 20260405091624.0 | ||
| 021 |
_aRU _b13-91817 |
||
| 035 | _a(NILC)RuMoRGB-006696583 | ||
| 035 | _a(NLR Aleph) 010017952 | ||
| 090 |
_a9886340 _c9886340 |
||
| 100 | _a20131224d2013 k y0rusy50 ca | ||
| 101 | 0 |
_arus _deng |
|
| 102 | _aRU | ||
| 105 | _aa|||7|||001yy | ||
| 200 | 1 |
_aМоделирование процессов соударения нанокластеров с металлической твердой поверхностью _fБ. Батгэрэл, Э.Г. Никонов, И.В. Пузынин |
|
| 210 |
_aДубна _cИздательский отдел Объединенного института ядерных исследований _d2013 |
||
| 215 |
_a21, [2] с. _cил. _d21 |
||
| 225 | 1 |
_aСообщения Объединенного института ядерных исследований _vP11-2013-61 |
|
| 300 | _aРез. на англ. яз. | ||
| 320 | _aБиблиогр.: с. 21-22 (15 назв.) | ||
| 606 |
_aМеталлы _xНаноструктуры _92566584 _3RU\NLR\AUTH\661517942 |
||
| 606 |
_aМеталлы _xПоверхностные слои _xВлияние облучения ионами _91581808 _3RU\NLR\AUTH\66694285 |
||
| 610 | 0 | _aсоударения нанокластеров с металлической поверхностью | |
| 675 | _a539.19:519.8 | ||
| 686 | 1 | _aК204 | |
| 700 | 1 |
_aБатгэрэл _bБ. |
|
| 701 | 1 |
_aНиконов _bЭ. Г. _gЭдуард Германович |
|
| 701 | 1 |
_8rus _7ca _aПузынин _bИ. В. _f1938- _gИгорь Викторович _3RU\NLR\AUTH\7732956 _915964 |
|
| 801 | 0 |
_aRU _bRuMoRKP _c20131114 _gRCR |
|
| 801 | 2 |
_aRU _bРГБ _c20131127 _grcr |
|
| 942 | _cBOOK | ||
| 980 | _aNBR | ||